00318nam a22001457a 450000500170000002000180001704100120003508200160004710000210006324500240008425000070010826000380011530000080015336500110016120260618134553.0 a9789391793630 aEnglish aT13 R24 PAR aParthasarathy Na aSaayangala Megangal a01 aChennaibColan Publicationsc2024 a256 b525.00